| Tag |
First Indicator |
Second Indicator |
Subfields |
| LEADER |
00000cam a2200000 4500 |
| 001 |
in00000282021 |
| 005 |
20151222091039.0 |
| 008 |
740508r1973 enk 00110aeng |
| 010 |
|
|
|a 74164426
|
| 015 |
|
|
|a GB73-19069
|
| 020 |
|
|
|a 0297995588
|c 3.25
|
| 035 |
|
|
|a (OCoLC)00669512
|
| 035 |
|
|
|9 ABG0857AM
|
| 040 |
|
|
|a DLC
|c DLC
|d TXA
|d UtOrBLW
|
| 043 |
|
|
|a a-is---
|
| 049 |
|
|
|a TXAM
|c [1026768]
|
| 050 |
0 |
0 |
|a DS126.6.M42
|b A36 1973b
|
| 082 |
0 |
|
|a 956.94/05/0924
|a B
|
| 100 |
1 |
|
|a Meir, Golda,
|d 1898-1978.
|
| 245 |
1 |
0 |
|a Golda Meir speaks out /
|c edited by Marie Syrkin.
|
| 264 |
|
1 |
|a London :
|b Weidenfeld and Nicolson,
|c 1973.
|
| 300 |
|
|
|a 251 pages ;
|c 22 cm.
|
| 336 |
|
|
|a text
|b txt
|2 rdacontent
|
| 337 |
|
|
|a unmediated
|b n
|2 rdamedia
|
| 338 |
|
|
|a volume
|b nc
|2 rdacarrier
|
| 500 |
|
|
|a American edition published under title: A land of our own.
|
| 600 |
1 |
0 |
|a Meir, Golda,
|d 1898-1978.
|
| 651 |
|
0 |
|a Israel
|x Politics and government.
|
| 700 |
1 |
|
|a Syrkin, Marie,
|d 1899-1989.
|
| 999 |
|
|
|a MARS
|
| 999 |
f |
f |
|s 72a4cb6e-2e8b-3345-bb87-908a3f9be9a6
|i 0beb8b3e-47be-3e14-a02a-02613d95b299
|t 0
|
| 952 |
f |
f |
|p ric
|a Texas A&M University
|b Rellis Campus
|c Joint Library Facility
|d Remote Storage
|t 0
|e DS126.6.M42 A36 1973b
|h Library of Congress classification
|i unmediated -- volume
|m A14802035325
|
| 998 |
f |
f |
|a DS126.6.M42 A36 1973b
|t 0
|l Remote Storage
|